| 000 | 00442nam a2200157 i 4500 | ||
|---|---|---|---|
| 001 | 129733 | ||
| 003 | ES-MaACL | ||
| 005 | 20230906193549.0 | ||
| 007 | t| | ||
| 008 | 070704s1924 uy ||||1| spa d | ||
| 100 | 1 |
_aZorrilla de San Martín, Juan. _9118357 |
|
| 245 | 1 | 3 |
_aEl sermón de la paz / _cJuan Zorrilla de San Martín. |
| 260 |
_aMontevideo : _bRisco de Ayala, _c1924. |
||
| 300 |
_a186 p. ; _c20 cm. |
||
| 852 |
_aES-MaACL _jF-1605 |
||
| 999 |
_c129733 _d129733 |
||